000
00310nam a2200121Ia 4500
008
190216s9999||||xx |||||||||||||| ||und||
100
_a
Sastry S S
245
0
_a
Introductory Methods Of Numerical Analysis
260
_b
Prentice Hall Of India Pvt Ltd
_c
2004
300
_a
380
650
_a
Physics
942
_c
BK
999
_c
33839
_d
33839